Nuevo Código Civil y Comercial de la Nación (Registro nro. 2258)
[ vista simple ]
| 000 -LEADER | |
|---|---|
| fixed length control field | 02520 a2200325 4500 |
| 001 - CONTROL NUMBER | |
| control field | 32132 |
| 005 - DATE AND TIME OF LATEST TRANSACTION | |
| control field | 20260407155622.0 |
| 008 - FIXED-LENGTH DATA ELEMENTS--GENERAL INFORMATION | |
| fixed length control field | 260407a2014 arg spa d |
| 003 - CONTROL NUMBER IDENTIFIER | |
| control field | AR-UNSa-BCEJYS |
| 040 ## - CATALOGING SOURCE | |
| Original cataloging agency | AR-UNSa-BCEJYS |
| Language of cataloging | spa |
| Transcribing agency | AR-UNSa-BCEJYS |
| 080 ## - UNIVERSAL DECIMAL CLASSIFICATION NUMBER | |
| Universal Decimal Classification number | 347.1/7(094.4) |
| Common auxiliary subdivision | Código Civil y Comercial |
| 041 ## - LANGUAGE CODE | |
| Language code of text/sound track or separate title | spa |
| 100 1# - MAIN ENTRY--PERSONAL NAME | |
| Personal name | Ghersi, Carlos Alberto |
| 245 10 - TITLE STATEMENT | |
| Title | Nuevo Código Civil y Comercial de la Nación |
| Name of part/section of a work | Aspectos civiles y de familia |
| 264 #1 - PRODUCTION, PUBLICATION, DISTRIBUTION, MANUFACTURE, AND COPYRIGHT NOTICE | |
| Place of production, publication, distribution, manufacture | Buenos Aires : |
| Name of producer, publisher, distributor, manufacturer | Erreius |
| Date of production, publication, distribution, manufacture, or copyright notice | 2014 |
| 300 ## - PHYSICAL DESCRIPTION | |
| Extent | 91 p. |
| Dimensions | 26 cm. |
| 505 ## - FORMATTED CONTENTS NOTE | |
| Formatted contents note | 1. Adolescencia y derecho médico en el Código Civil y Comercial Unificado / Carlos A. Ghersi - 2. Matrimonio y divorcio: nuevos escenarios como consecuencia del Código Civil y Comercial. Ley 26994 / María M. Galli Fiant - 3. El progenitor afín y su obligación alimentaria en el nuevo Código Civil y Comercial / Fernando Millán - 4. Breve comentario a lo que no fue. La reforma del Código Civil y la reproducción asistida: una conducta errante, una oportunidad perdida / María S. Ciruzzi - 5. El hijo nacido por técnicas de reproducción asistida con gametos de un tercero y el derecho a la identidad - 6. Consideraciones sobre las técnicas de fecundación artificial, la filiación y la denominada "voluntad procreacional" en el Código Civil y Comercial de la Nación Argentina / Graciela N. Gonem Machello - 7. El estado de adoptabilidad de los menores en el marco de la Convención de los Derechos del Niño y el enfoque en el nuevo Código Civil y Comercial dentro del Título VI referido al instituto de la adopción / Susana Pereyra Minich - 8. Reflexiones en materia de obligaciones en el nuevo Código Civil y Comercial de la Nación / Silvia Y. Tanzi - 9. Incidencia del nuevo Código Civil y Comercial de la Nación en el proceso sucesorio / Diana Saiz - 10. La protección de herederos con discapacidad mediante la figura del fideicomiso testamentario. Su uso para instrumentar la mejora estricta y la tutela testamentaria / Leandro M. Merlo |
| 590 ## - LOCAL NOTE (RLIN) | |
| Local note | niveau_biblio:m niveau_hierar:0 |
| 700 1# - ADDED ENTRY--PERSONAL NAME | |
| Personal name | Tanzi, Silvia Y. |
| 700 1# - ADDED ENTRY--PERSONAL NAME | |
| Personal name | Ciruzzi, María Susana |
| 700 1# - ADDED ENTRY--PERSONAL NAME | |
| Personal name | Merlo, Leandro M. |
| 700 1# - ADDED ENTRY--PERSONAL NAME | |
| Personal name | Millán, Fernando |
| 700 1# - ADDED ENTRY--PERSONAL NAME | |
| Personal name | Pereyra Minich, Susana |
| 700 1# - ADDED ENTRY--PERSONAL NAME | |
| Personal name | Galli Fiant, María M. |
| 700 1# - ADDED ENTRY--PERSONAL NAME | |
| Personal name | Saiz, Diana |
| 700 1# - ADDED ENTRY--PERSONAL NAME | |
| Personal name | Aiello de Almeida, María A. |
| 700 1# - ADDED ENTRY--PERSONAL NAME | |
| Personal name | Gonem Machello, Graciela N. |
| 856 41 - ELECTRONIC LOCATION AND ACCESS | |
| Uniform Resource Identifier | <a href="https://170.210.207.44/pmb/images/libros/codCivilComercNacL125145.jpg">https://170.210.207.44/pmb/images/libros/codCivilComercNacL125145.jpg</a> |
| Link text | Imagen de portada |
| Electronic format type | image/jpeg |
| 942 ## - ADDED ENTRY ELEMENTS (KOHA) | |
| Koha item type | |
| Withdrawn status | Lost status | Damaged status | Not for loan | Home library | Current library | Shelving location | Date acquired | Total checkouts | Full call number | Barcode | Date last seen | Price effective from | Koha item type |
|---|---|---|---|---|---|---|---|---|---|---|---|---|---|
| Biblioteca Prof. Eusebio Cleto del Rey | Biblioteca Prof. Eusebio Cleto del Rey | 07/04/2026 | E347.1/7(094.4) N964f/ER | E00020 | 07/04/2026 | 07/04/2026 | Libro |